Advanced Knowledge - Statistics

General Stats
  • This quiz has been taken 9 times
  • The average score is 6 of 20
Answer Stats
Question Answer % Correct
What is the chemical symbol for Xenon? Xe
100%
In which year was the movie Avatar released? 2009
89%
If you have a sealed room with zero oxygen, yet somehow light is present, can a candle remain lit in the room? Yes
89%
What is the currency used in Norway? Krone
78%
What is the capital of Malaysia? Kuala Lumpur
78%
Who won the Best Director Oscar for The Lord of the Rings: The Return of the King in 2003? Peter Jackson
67%
Who directed the 1982 science fiction horror film The Thing? John Carpenter
56%
What is noctiphobia? Fear of the Night
33%
Which rare mineral, composed primarily of barium, titanium, and silicate, was first discovered in the Benitoite Gem Mine in San Benito County, California? Benitoite
11%
What enzyme catalyzes the reaction of ribulose-1,5-bisphosphate and CO₂ in the first step of carbon fixation in photosynthesis? Rubisco
11%
What is the precise atomic mass of the isotope Molybdenum-98? 97.9054
0%
In linguistics, what term describes a situation where one phoneme transforms into another due to the influence of a neighboring sound, often seen in consonants? Assimilation
0%
What was the specific, chemical formula of the blue pigment used in ancient Egyptian tomb paintings, known as "Egyptian Blue"? CaCuSi₄O₁₀
0%
Which Victorian era word means "different or diverse"? Disparate
0%
Which movie features Ben Stiller in a 2017 starring role? Doomsday Device
0%
What is the Latin name for Hippopotamus? Hippopotamus amphibius
0%
Who was the 14th-century mathematician and astronomer who created the Alfonsine Tables, and what was their purpose? King Alfonso X of Castile
0%
In Byzantine history, what title was given to the official responsible for provisioning the imperial palace with grain? Komes tou praitoriou
0%
What is the name of the protein responsible for maintaining the stability of telomeres in Tetrahymena thermophila? Telomerase Reverse Transcriptase (TERT)
0%
What is the only known bird species that sings with its vocal cords in ultrasonic frequencies, making it imperceptible to the human ear? The Ecuadorian Hillstar Hummingbird
0%
No matching quizzes found
Score Distribution
Percent of People with Each Score
Percentile by Number Answered
Your Score History
You have not taken this quiz